Obálka Náhled e-knihy:
PDF Epub
Pro půjčování e-knih musíte být přihlášeni.
Jak si půjčit online?

Nápad za miliardu : nejinspirativnější příběhy českých startupistů /

Osobnosti stojící za úspěšnými českými startupy představují své příběhy. Doplňují je rady a tipy, které jednotlivým podnikatelům a jejich firmám pomohly dostat se až na vrchol.

Uloženo v:
Hlavní autor: Mareš, Michael, 1984- (Autor)
Médium: E-kniha
Jazyk:Czech
Vydáno: Praha : Kniha Zlin, 2021
Vydání:Vydání první
Edice:IN
Témata:
Tagy:
Žádné tagy
LEADER 02657nam a2200637 i 4500
001 311462
003 CZ PrSKC
005 20260601215705.0
007 ta
008 211022s2021 xr c e 000 0ccze
015 |a cnb003368130 
020 |a 9788076622340  |q (brožováno) :  |c Kč 399,00 
035 |a (OCoLC)1288051967 
035 |a (OCoLC)1291386121 
040 |a BOA001  |b cze  |d ABA001  |e rda 
043 |a e-xr--- 
045 |a x-y- 
072 7 |a 658  |x Řízení a správa podniku  |2 Konspekt 
072 7 |a 929  |x Biografie  |2 Konspekt 
080 |a 658.114-051  |2 MRF 
080 |a 658.114-055.2  |2 MRF 
080 |a 658:001.895  |2 MRF 
080 |a 658:17.024.4  |2 MRF 
080 |a 929  |2 MRF 
080 |a (437.3)  |2 MRF 
080 |a (0:82-322.6)  |2 MRF 
100 1 |a Mareš, Michael,  |d 1984-  |7 xx0266334  |4 aut 
245 1 0 |a Nápad za miliardu :  |b nejinspirativnější příběhy českých startupistů /  |c Michael Mareš 
250 |a Vydání první 
264 1 |a Praha :  |b Kniha Zlin,  |c 2021 
300 |a 291 stran :  |b barevné portréty ;  |c 24 cm 
336 |a text  |b txt  |2 rdacontent 
337 |a bez média  |b n  |2 rdamedia 
338 |a svazek  |b nc  |2 rdacarrier 
490 1 |a IN ;  |v svazek 9 
500 |a Obálka s průřezy 
520 2 |a Osobnosti stojící za úspěšnými českými startupy představují své příběhy. Doplňují je rady a tipy, které jednotlivým podnikatelům a jejich firmám pomohly dostat se až na vrchol. 
648 7 |a 20.-21. století  |7 ch462155  |2 czenas 
650 0 7 |a podnikatelé  |7 ph124163  |z Česko  |y 20.-21. století  |2 czenas 
650 0 7 |a podnikatelky  |7 ph115869  |z Česko  |y 20.-21. století  |2 czenas 
650 0 7 |a inovační podnikání  |7 ph114777  |2 czenas 
650 0 7 |a úspěch v podnikání  |7 ph286292  |2 czenas 
650 0 9 |a businessmen  |z Czechia  |y 20th-21st centuries  |2 eczenas 
650 0 9 |a businesswomen  |z Czechia  |y 20th-21st centuries  |2 eczenas 
650 0 9 |a innovative business  |2 eczenas 
650 0 9 |a success in business  |2 eczenas 
653 0 |a startup 
655 7 |a biografické příběhy  |7 fd131953  |2 czenas 
655 9 |a biographical stories  |2 eczenas 
830 0 |a IN 
900 |a ABA001  |b 19 
928 9 |a Albatros Media - Kniha Zlin 
044 |a xr 
910 |a RBIT002 
998 |d 339212  |a https://core.palmknihy.cz/api/books/339212/cover?si749j  |b https://core.palmknihy.cz/api/books/339212/cover/400?si749j  |c https://core.palmknihy.cz/api/books/339212/cover/50?si749j  |e 2031-12-31  |g 296  |i 9788076622340  |j https://core.palmknihy.cz/api/books/339212/preview.epub  |k https://core.palmknihy.cz/api/books/339212/preview.pdf  |l   |q 49  |r 1  |s https://www.palmknihy.cz/kniha/339212  |t ebook  |y 2021  |z 0 
999 |d 311460